| 000 | 00820cam a2200241 i 4500 | ||
|---|---|---|---|
| 001 | 18074839 | ||
| 003 | CEME | ||
| 005 | 20210628201608.0 | ||
| 008 | 140320s2014 njua b 001 0 eng | ||
| 010 | _a 2014004197 | ||
| 020 | _a9780321992789 (pbk. : alk. paper) | ||
| 040 |
_aDLC _beng _cDLC _erda _dDLC |
||
| 042 | _apcc | ||
| 050 | 0 | 0 |
_aQA76.73.C153 _bS82 2014 |
| 082 | 0 | 0 |
_a005.13/3 _223 |
| 100 | 1 |
_aStroustrup, Bjarne, _eauthor. _955979 |
|
| 245 | 1 | 0 |
_aProgramming principles and practice using C++ VOL-II _bprinciples and practice using C++ / _cBjarne Stroustrup. |
| 250 | _a2ND VOL-II | ||
| 300 |
_axxxi, 1274 pages : _billustrations (some color) ; _c24 cm |
||
| 504 | _aIncludes bibliographical references (pages 1223-1225) and index. | ||
| 650 | 0 |
_aC++ (Computer program language) _91810 |
|
| 942 |
_2ddc _cBK |
||
| 999 |
_c566555 _d566555 |
||